000 00276nam a22001337a 4500
008 170530b xxu||||| |||| 00| 0 eng d
020 _a9781594203145
041 _aeng
080 _a93
100 _a17
101 _aSHH
245 _aTHE END
_cKERSHAW, I
942 _2udc
_cBK
999 _c15055
_d15055